| 000 | 00349nam a22001457a 4500 | ||
|---|---|---|---|
| 020 | _a0-340-87273-X | ||
| 082 |
_a574 _bIND/C |
||
| 100 | _aINDGE BILL | ||
| 245 | _aCOMPLETE A-Z BIOLOGY HANDBOOK | ||
| 250 | _aTHIRD EDITION | ||
| 260 |
_aGREAT BRITIAN _bHODDER & STOUGHTON _c2003 |
||
| 300 | _a310 | ||
| 650 |
_aBIOLOGY REFERENCE _zINDIA |
||
| 942 | _cBK | ||
| 999 |
_c1371 _d1371 |
||